HIGH ENERGY PHYSICS AND COSMOLOGY , 1993 SUMMER SCHOOL 14 JUNE - 30 JULY, 1993 (Record no. 575592)

000 -LEADER
fixed length control field 00358nam a22001217a 4500
020 ## - INTERNATIONAL STANDARD BOOK NUMBER
International Standard Book Number 981-02-1711-0
082 ## - DEWEY DECIMAL CLASSIFICATION NUMBER
Classification number 539.7 HIG'G
100 ## - MAIN ENTRY--PERSONAL NAME
Personal name GAVA, E , NARAIN, K.S , MASIERO, A
9 (RLIN) 67907
245 ## - TITLE STATEMENT
Title HIGH ENERGY PHYSICS AND COSMOLOGY , 1993 SUMMER SCHOOL 14 JUNE - 30 JULY, 1993
260 ## - PUBLICATION, DISTRIBUTION, ETC.
Place of publication, distribution, etc. SINGAPORE
Name of publisher, distributor, etc. WORLD SCIENTIFIC
Date of publication, distribution, etc. 1994
300 ## - PHYSICAL DESCRIPTION
Extent 480P
942 ## - ADDED ENTRY ELEMENTS (KOHA)
Koha item type Book
Holdings
Withdrawn status Lost status Damaged status Not for loan Permanent Location Current Location Shelving location Date acquired Total Checkouts Full call number Barcode Date last seen Price effective from Koha item type
        College of Electrical & Mechanical Engineering (CEME) College of Electrical & Mechanical Engineering (CEME) General Stacks 08/01/2017   539.7 HIG'G CEME-27952 06/28/2021 06/28/2021 Book
© 2023 Central Library, National University of Sciences and Technology. All Rights Reserved.